Central Library OPAC University of Rajshahi

Booker memorial studies : (Record no. 54064)

MARC details
000 -LEADER
fixed length control field 00758nam a2200217 a 4500
001 - CONTROL NUMBER
control field 54064
003 - CONTROL NUMBER IDENTIFIER
rucl marc code BD-RjUL
005 - DATE AND TIME OF LATEST TRANSACTION
control field 20211209080052.0
008 - FIXED-LENGTH DATA ELEMENTS--GENERAL INFORMATION
fixed length control field 161101s1969 nyu||||| |||| 00| 0 eng d
035 ## - SYSTEM CONTROL NUMBER
System control number (BD-RjUL)54186
040 ## - CATALOGING SOURCE
Original cataloging agency BD-RjUL
Language of cataloging eng
Transcribing agency BD-RjUL
041 ## - LANGUAGE CODE
Language code of text/sound track or separate title eng
082 ## - DEWEY DECIMAL CLASSIFICATION NUMBER
Edition number 23
Classification number 820.903
Author mark and year BOO 1969
100 ## - MAIN ENTRY--PERSONAL NAME
Personal name Booker, John Manning
9 (RLIN) 161405
245 ## - TITLE STATEMENT
Title Booker memorial studies :
Remainder of title eight essays on Victorian literature in memory of John Manning Booker, 1881-1948.
Statement of responsibility, etc. Edited by Hill Shine
260 ## - PUBLICATION, DISTRIBUTION, ETC. (IMPRINT)
Place of publication, distribution, etc. New York :
Name of publisher, distributor, etc. Russell & Russell,
Date of publication, distribution, etc. c1969.
300 ## - PHYSICAL DESCRIPTION
Pagination xiv, 183 p. ;
Size 21 cm.
600 ## - SUBJECT ADDED ENTRY--PERSONAL NAME
Personal name Booker, John Manning
Titles and other words associated with a name English literature
General subdivision History and criticism.
Chronological subdivision 19th century
700 ## - ADDED ENTRY--PERSONAL NAME
Personal name Shine, Hill,
942 ## - ADDED ENTRY ELEMENTS (KOHA)
Source of classification or shelving scheme Dewey Decimal Classification
Koha item type Books
Holdings
Lost status Source of classification or shelving scheme Damaged status Not for loan Collection code Permanent Location Current Location Shelving location Date acquired Source of acquisition Total Checkouts Full call number Date last seen Copy number Koha item type
  Dewey Decimal Classification     Non-fiction Central Library, University of Rajshahi Central Library, University of Rajshahi   17/10/1985 Asin Foundation   820.903 BOO 1969 01/11/2016 C-2 Books